000 00538nam a22001937a 4500
001 00028444
005 20260304094522.0
008 260304b ag ||||| |||| 00| 0 spa d
040 _aAR-CcCEOS
_bspa
_cAR-CcCEOS
041 _aspa
080 _a1(44)"17"
090 _bVOL
100 0 _aVoltaire,
_d1694-1778
_9750
245 _aDiccionario filosófico :
_bobras escogidas /
_cVoltaire
264 _aBuenos Aires :
_bEl Ateneo.
300 _a845 p. ;
_c19x13 cm.
490 _vColección Clásicos Inolvidables
942 _2udc
_cBK
_n0
999 _c28470
_d28470